JEE advanced comprehensive physics / (Record no. 153756)

MARC details
000 -LEADER
fixed length control field 00542nam a22001817a 4500
005 - DATE AND TIME OF LATEST TRANSACTION
control field 20180710143409.0
010 ## - LCCN (DPL NO)
LC control number ENG-123426
020 ## - INTERNATIONAL STANDARD BOOK NUMBER
International Standard Book Number 9789387572577
Terms of availability 945.00
035 ## - SYSTEM CONTROL NUMBER
System control number EN-106958
037 ## - SOURCE OF ACQUISITION
Source of stock number/acquisition DBAD/PUB.
082 ## - DEWEY DECIMAL CLASSIFICATION NUMBER
Classification number 530
100 ## - MAIN ENTRY--PERSONAL NAME
Personal name Bajaj, N.K.
245 00 - TITLE STATEMENT
Title JEE advanced comprehensive physics /
Remainder of title by N.K. Bajaj
260 ## - PUBLICATION, DISTRIBUTION, ETC. (IMPRINT)
Place of publication, distribution, etc New Delhi
Name of publisher, distributor, etc McGraw Hill Education
Date of publication, distribution, etc 2018
270 ## - ADDRESS
Address P-24, Green Park Extn.
City New Delhi
Postal code 110016
300 ## - PHYSICAL DESCRIPTION
Extent xiii,various paging.
Dimensions 27cm(pbk)
Other physical details ill.
942 ## - ADDED ENTRY ELEMENTS (KOHA)
Source of classification or shelving scheme Dewey Decimal Classification
Item type English Books
Call number suffix BAJ
Classification part 530
Holdings
Withdrawn status Lost status Not for loan Collection code Home library Current library Date acquired Source of acquisition Cost, normal purchase price Full call number Barcode Copy number Cost, replacement price Koha item type
    Not For Loan Non-fiction D.B.Act.Division Central Library 10/07/2018 DBAD/PUB. 945.00 530 BAJ EN-106958 1 945.00 English Books

© Delhi Public Library
Hit Counter
free hit counter